00257 a2200109 450000100060000008200160000610000180002224500440004025000060008426000480009030000090013810769 a025.173 OSB aOsborn, A, D. aSerial Publication 3rd EditionhEnglish a3 aChicagobAmerican Library Associationc1980 a487p